Расчет характеристик электроприводов переменного тока. Ч. 1: Асинхронный двигатель: учебное пособие

Xehetasun bibliografikoak
Egile nagusia: Чернышев А. Ю. Александр Юрьевич
Erakunde egilea: Томский политехнический университет
Beste egile batzuk: Чернышев И. А. Игорь Александрович
Gaia:Приведены примеры промышленных систем управления электроприводами переменного тока. Описана работа по функциональным схемам, даны особенности настройки. Рассмотрены вопросы расчета статических и динамических механических и электромеханических характеристик наиболее распространенных систем автоматизированного электропривода с асинхронными двигателями. Приведены схемы имитационных моделей для расчета динамических характеристик электроприводов переменного тока, технические параметры пусковых устройств, систем фазового управления и преобразователей частоты для электроприводов переменного тока. Пособие подготовлено на кафедре электропривода и электрооборудования ТПУ и предназначено для студентов специальности 140604 «Электропривод и автоматика промышленных установок и технологических комплексов».
Hizkuntza:errusiera
Argitaratua: Томск, Изд-во ТПУ, 2005
Saila:Учебники Томского политехнического университета
Gaiak:
Formatua: Liburua
KOHA link:https://koha.lib.tpu.ru/cgi-bin/koha/opac-detail.pl?biblionumber=64049

MARC

LEADER 00000nam0a2200000 4500
001 64049
005 20250623164539.0
035 |a (RuTPU)RU\TPU\book\67958 
090 |a 64049 
100 |a 20040525d2005 m y0rusy50 ca 
101 0 |a rus 
102 |a RU 
105 |a a j 001zy 
200 1 |a Расчет характеристик электроприводов переменного тока. Ч. 1: Асинхронный двигатель  |e учебное пособие  |f А. Ю. Чернышев, И. А. Чернышев  |g Томский политехнический университет 
210 |a Томск  |c Изд-во ТПУ  |d 2005 
215 |a 136 с.  |c ил. 
225 1 |a Учебники Томского политехнического университета 
320 |a Библиогр.: с. 136. 
330 |a Приведены примеры промышленных систем управления электроприводами переменного тока. Описана работа по функциональным схемам, даны особенности настройки. Рассмотрены вопросы расчета статических и динамических механических и электромеханических характеристик наиболее распространенных систем автоматизированного электропривода с асинхронными двигателями. Приведены схемы имитационных моделей для расчета динамических характеристик электроприводов переменного тока, технические параметры пусковых устройств, систем фазового управления и преобразователей частоты для электроприводов переменного тока. Пособие подготовлено на кафедре электропривода и электрооборудования ТПУ и предназначено для студентов специальности 140604 «Электропривод и автоматика промышленных установок и технологических комплексов». 
610 1 |a электроприводы переменного тока 
610 1 |a асинхронные двигатели 
610 1 |a схемы замещения 
610 1 |a параметры 
610 1 |a разомкнутые нерегулируемые системы 
610 1 |a расчет 
610 1 |a регулируемые системы 
610 1 |a замкнутые системы 
610 1 |a учебные пособия 
675 |a 62-83(075.8)  |v 3 
700 1 |a Чернышев  |b А. Ю.  |c специалист в области электротехники  |c доцент Томского политехнического университета, кандидат технических наук  |f 1950-  |g Александр Юрьевич  |9 12631 
701 1 |a Чернышев  |b И. А.  |c специалист в области электротехники  |c доцент Томского политехнического университета, кандидат технических наук  |f 1972-  |g Игорь Александрович  |9 12632 
712 0 2 |a Томский политехнический университет  |c (1991-2009)  |9 23382 
801 1 |a RU  |b 63413507  |c 20040525  |g PSBO 
801 2 |a RU  |b 63413507  |c 20201116  |g PSBO 
850 |a 63413507 
942 |c BK